|
|
|
|
| LEADER |
00669nab a2200193 i 4500 |
| 001 |
tisza6182 |
| 005 |
20200330130954.0 |
| 008 |
170516s1969 hu o 0|| hun d |
| 022 |
|
|
|a 0133-1167
|
| 040 |
|
|
|a SZTE Tiszatáj Archívum
|b hun
|
| 041 |
|
|
|a hun
|
| 100 |
1 |
|
|a Szávay István
|
| 245 |
1 |
0 |
|a Kelemen János
|h [elektronikus dokumentum] :
|b Mi a strukturalizmus? /
|c Szávay István
|
| 260 |
|
|
|c 1969
|
| 300 |
|
|
|a 1134
|
| 490 |
0 |
|
|a Tiszatáj
|v 23 No. 12
|
| 695 |
|
|
|a Strukturalizmus - könyvismertetés, Magyar irodalom - könyvismertetés
|
| 700 |
0 |
2 |
|a Kassai Kelemen János
|
| 856 |
4 |
0 |
|u http://tiszataj.bibl.u-szeged.hu/6182/1/tiszataj_1969_012_1134.pdf
|z Dokumentum-elérés
|